Crónica latina de los Reyes de Castilla / (Record no. 50162)

MARC details
000 -LEADER
campo de control de longitud fija 00505nam a2200145 i 4500
001 - NÚMERO DE CONTROL
campo de control 50162
003 - IDENTIFICADOR DE NÚMERO DE CONTROL
campo de control ES-MaACL
007 - CAMPO FIJO DE DESCRIPCIÓN FÍSICA--INFORMACIÓN GENERAL
campo de control de longitud fija t|
008 - DATOS DE LONGITUD FIJA--INFORMACIÓN GENERAL
campo de control de longitud fija 030731s1984 sp ||||1| spa d
245 00 - MENCIÓN DEL TÍTULO
Título Crónica latina de los Reyes de Castilla /
Mención de responsabilidad, etc. introducción, texto crítico, traducción, notas e índices de Luis Charlo Brea.
260 ## - PUBLICACIÓN, DISTRIBUCIÓN, ETC.
Lugar de publicación, distribución, etc. Cádiz :
Nombre del editor, distribuidor, etc. Servicio de Publicaciones de la Universidad,
Fecha de publicación, distribución, etc. 1984.
300 ## - DESCRIPCIÓN FÍSICA
Extensión 126 p. ;
Dimensiones 21 cm.
700 1# - ENTRADA AGREGADA--NOMBRE PERSONAL
Nombre de persona Charlo Brea, Luis.
9 (RLIN) 38089
852 ## - LOCALIZACIÓN
Ubicación ES-MaACL
Número de control de estantería L-7796
Sublocalización o colección R.106795
Holdings
Estatus retirado Estado de pérdida Estado de daño No para préstamo Biblioteca de origen Biblioteca actual Ubicación en estantería Fecha de adquisición Fuente de adquisición Total de préstamos Signatura topográfica completa Código de barras Visto por última vez Precio de reemplazo Tipo de ítem Koha
        Biblioteca del Ateneo de Madrid Biblioteca del Ateneo de Madrid Depósito 2 17/01/2008     L-7796 1052767 23/02/2023 23/02/2023 Libro impreso